Les inégalités de Markoff et de Bernstein /

Guardado en:
Autor Principal: Rahman, Qazi Ibadur.
Otros Autores: Schmeisser, Gerhard, 1939-
Formato: Libro
Idioma:French
Publicado: Montréal, Québec, Canada : Presses de l'Université de Montréal, 1983.
Series:Séminaire de mathématiques supérieures ; 86
Materias:
Etiquetas: Agregar Etiqueta
Sin Etiquetas, Sea el primero en etiquetar este registro!
LEADER 01419nam a2200277 a 4500
001 MAT.inmabb006148
008 850104s1983####quc######b####000#0#fre##
005 20130206165534.0
245 1 4 |a Les inégalités de Markoff et de Bernstein /  |c Qazi Ibadur Rahman et Gerhard Schmeisser. 
260 |a Montréal, Québec, Canada :  |b Presses de l'Université de Montréal,  |c 1983. 
300 |a 173 p. ;  |c 28 cm. 
440 0 |a Séminaire de mathématiques supérieures ;  |v 86 
500 |a Cabecera de portada: Séminaire de mathématiques supérieures. Séminaire scientifique OTAN (NATO Advanced Study Institute) Département de mathématiques et de statistique, Université de Montréal. 
500 |a "Notes du cours de Messieurs Qazi Ibadur Rahman et Gerhard Schmeisser à la vingtième session du Séminaire de mathématiques supérieures/Seminaire scientifique OTAN (ASI 81/62) tenue au Département de mathématiques et de statistique de l'Université de Montréal du 3 au 21 août 1981"--P. facing t.p. 
504 |a Bibliografía: p. [154]-173. 
510 4 |a MR,  |c 85f:41009 
020 |a 2760606058 
100 1 |a Rahman, Qazi Ibadur. 
700 1 |a Schmeisser, Gerhard,  |d 1939- 
650 0 |a Approximation theory. 
650 0 |a Polynomials. 
650 0 |a Inequalities (Mathematics) 
084 |a 41A17 (26D05 42A05)  |2 msc2000 
010 |a  84153639  
040 |a DLC  |c DLC  |d DLC 
859 |h 41  |i R147  |p A-5535  |b BIB. MATEMATICA